Drucker: the man who invented the corporate society

में बचाया:
ग्रंथसूची विवरण
मुख्य लेखक: Tarrant, John J.
स्वरूप: पुस्तक
भाषा:Undetermined
प्रकाशित: New York Warner Books 1976
विषय:
टैग : टैग जोड़ें
कोई टैग नहीं, इस रिकॉर्ड को टैग करने वाले पहले व्यक्ति बनें!
Thư viện lưu trữ: Trung tâm Học liệu Trường Đại học Cần Thơ
LEADER 00546nam a2200205Ia 4500
001 CTU_85303
008 210402s9999 xx 000 0 und d
082 |a 658.4 
082 |b T192 
100 |a Tarrant, John J. 
245 0 |a Drucker: the man who invented the corporate society 
245 0 |c John J. Tarrant 
260 |a New York 
260 |b Warner Books 
260 |c 1976 
650 |a Business consultants 
650 |x Biography 
904 |i Năm 
904 |j CN.005323 
980 |a Trung tâm Học liệu Trường Đại học Cần Thơ